000 01046nam a22003617a 4500
001 BR0201395
003 BR-BrBNA
005 20230928101037.0
007 ta
008 230509b bl.||||| |||| 00| 0 por d
040 _aBR-BrBNA
_bpor
_cBiblioteca Nacional de Agricultura
041 _a(Por)
072 _aL01; E21
_b6100
090 _ 6100 BR0201395
100 1 _aSantos, R.A.O.
100 1 _aAraújo, G.C. de
110 1 _aServiço de Apoio às Micro e Pequenas Empresas do Distrito Federal, Brasília, DF (Brasil)
_99296
245 1 _aCriação de frango caipira para corte no sistema de integração
_bSérie Negócios Rurais
260 3 _aBrasília, DF (Brasil):
_c1998.
300 _a67 p.
500 _a12 illus.
650 _aFrango de Corte
650 _aCriação
650 _aAgribusiness
650 _aMercado
650 _aInvestimento
650 _aCusto
650 _aAnálise Econômica
650 _aGranja
650 _aSistema de Produção
909 _a202309
_bLucia
_c55
_dLucia Elande
942 _cBK
999 _c64004
_d64004